Дело об установлении порядка присвоения ученых степеней в Дерптском университете лицам, окончившим Варшавский университет

Доступно только в Электронных читальных залах Найти на картеНа карте
RUSMARC
00004205nmc2a2200000 x 450
0010349da0a-3c82-4867-8c9b-7dc59f247392
00520170414123444.0
100##$a20140513l18361836k l0rusy0189 ca
1010#$arus
102##$aRU
2001#$aДело об установлении порядка присвоения ученых степеней в Дерптском университете лицам, окончившим Варшавский университет
$j14-30 июня 1836 г.
251##$cДело
300##$aДело
300##$aОриг. заголовок дела: Дело по представлению Дерптского попечителя относительно экзамена на ученые степени польских уроженцев. 14 июня 1836 г. - 30 июня 1836 г
801#0$aRU
$bРГИА
$c20140513
$gRCR
801#1$aRU
$bГлавНИВЦ
$c20140513
$2rusmarc
801#2$aRU
$bПБ им. Б.Н. Ельцина
$c20170414
$gRCR
$2rusmarc
850##$aРГИА
852##$aРГИА
$eФедеральное казенное учреждение "Российский государственный исторический архив" (РГИА)
$j638
937##$hРГИА
$d11175773
$aASBIBLIO_SCAN
462#0$10015faafd89-1df2-4e8f-a0ba-1d8a620713c6
$12001
$aДела Департамента народного просвещения по Дерптскому учебному округу за 1802-1836 гг.
$1251
$cОпись
$1852
$j56
461#0$1001a74412a3-3cc5-4d21-8f0a-dfe2fbd9e72d
$12001
$aДепартамент народного просвещения Министерства народного просвещения (1803-1917)
$1251
$cФонд
$1852
$j733
215##$a10 л.
$d36,5х26 см
371##$aДокумент не является опубликованным и широко распространяемым
105##$ay###
1222#$ad
5171#$aДело по представлению Дерптского попечителя относительно экзамена на ученые степени польских уроженцев. 14 июня 1836 г. - 30 июня 1836 г.
035##$a0349da0a-3c82-4867-8c9b-7dc59f247392
856##$uhttp://readingroom.main.prlib.ru/item.aspx?id_node=n96959244&mode=full
Формат отображения